书目信息 |
| 题名: |
当代中国社会质量报告
|
|
| 作者: | 崔岩 , 邹宇春 主编 | |
| 分册: | 2019 | |
| 出版信息: | 北京 中国社会科学出版社 2021.01 |
|
| 页数: | 308页 | |
| 开本: | 24cm | |
| 丛书名: | 中社智库 | |
| 单 册: | ||
| 中图分类: | D668 | |
| 科图分类: | ||
| 主题词: | 社会发展--she hui fa zhan--调查报告--中国--2019 | |
| 电子资源: | ||
| ISBN: | 978-7-5203-7429-3 | |
| 000 | 01479nam 2200337 450 | |
| 001 | 202021194940 | |
| 005 | 20211025120148.0 | |
| 010 | @a978-7-5203-7429-3@dCNY109.00 | |
| 092 | @aCN@bRt966-2430 | |
| 100 | @a20211006d2021 em y0chiy50 ea | |
| 101 | 0 | @achi |
| 102 | @aCN@b110000 | |
| 105 | @ak a 000yy | |
| 106 | @ar | |
| 200 | 1 | @a当代中国社会质量报告@Adang dai zhong guo she hui zhi liang bao gao@h2019@d= The report of contemporary social quality in China@h2019@f主编崔岩, 邹宇春@zeng |
| 210 | @a北京@c中国社会科学出版社@d2021.01 | |
| 215 | @a308页@d24cm | |
| 225 | 2 | @a中社智库@Azhong she zhi ku@i年度报告 |
| 314 | @a崔岩, 男, 中国社会科学院社会学研究所副研究员, 博士。邹宇春, 女, 中国社会科学院社会学研究所发展社会学研究室主任, 副研究员。 | |
| 320 | @a有书目 | |
| 330 | @a本书以“2019年中国社会状况综合调查”数据为主, 并结合往期CSS调查数据以及其他来源数据, 从社会经济发展、社会价值观与社会凝聚、社会包容与社会整合、社会政治参与等方面, 对当代中国社会发展质量进行研究, 并讨论了社会质量不同维度之间的关系, 全面反映了中国社会发展水平, 并提出相应政策建议。 | |
| 410 | 0 | @12001 @a中社智库@i年度报告 |
| 510 | 1 | @aReport of contemporary social quality in China@h2019@zeng |
| 606 | 0 | @a社会发展@Ashe hui fa zhan@x调查报告@y中国@z2019 |
| 690 | @aD668@v5 | |
| 701 | 0 | @a崔岩@Acui yan@4主编 |
| 701 | 0 | @a邹宇春@Azou yu chun@4主编 |
| 801 | 0 | @aCN@c20210909 |
| 901 | @a中国社会科学出版社 | |
| 905 | @a河南城建学院图书馆@dD668@eC980 | |
| 997 | @a期货 | |
| 当代中国社会质量报告.2019= The report of contemporary social quality in China.2019/主编崔岩, 邹宇春.-北京:中国社会科学出版社,2021.01 |
| 308页;24cm.-(中社智库.年度报告) |
| ISBN 978-7-5203-7429-3:CNY109.00 |
| 本书以“2019年中国社会状况综合调查”数据为主, 并结合往期CSS调查数据以及其他来源数据, 从社会经济发展、社会价值观与社会凝聚、社会包容与社会整合、社会政治参与等方面, 对当代中国社会发展质量进行研究, 并讨论了社会质量不同维度之间的关系, 全面反映了中国社会发展水平, 并提出相应政策建议。 |
| ● |
| 相关链接 |
|
|
|
正题名:当代中国社会质量报告
索取号:D668/C980
 
预约/预借
| 序号 | 登录号 | 条形码 | 馆藏地/架位号 | 状态 | 备注 |
| 1 | 1544366 | 215443660 | 社科库509/509社科库 75排7列3层/ [索取号:D668/C980] | 在馆 |